[Event "Lignano Bella Italia op 2nd"]
[Site "Lignano Sabbiadoro"]
[Date "2023.08.20"]
[Round "6"]
[White "Gonella, Daniele"]
[Black "Budyi, Danylo"]
[Result "1-0"]
[WhiteElo "2166"]
[BlackElo "1975"]
[PlyCount "89"]
[EventDate "2023.08.17"]
[EventType "swiss"]
[EventRounds "9"]
[EventCountry "ITA"]
[SourceTitle "EXT 2024"]
[Source "ChessBase"]
[SourceDate "2023.10.10"]
[SourceVersion "1"]
[SourceVersionDate "2023.10.10"]
[SourceQuality "1"]

1. d4 Nf6 2. c4 e6 3. g3 d5 4. Bg2 Be7 5. Nf3 0-0 6. 0-0 dxc4 7. Qc2 a6 8. a4 Bd7 9. Ne5 Bc6 10. Nxc6 Nxc6 11. e3 Na5 12. Nd2 c6 13. Nxc4 Nxc4 14. Qxc4 Nd5 15. Rd1 Qc7 16. Bd2 b5 17. Qe2 Qb7 18. e4 Nf6 19. Be3 Rfb8 20. Rd2 bxa4 21. Rxa4 Qb5 22. Ra1 Bb4 23. Rc2 Qxe2 24. Rxe2 a5 25. Rc2 Ra6 26. Ra4 h6 27. h3 Rc8 28. Ra1 Nd7 29. Rc4 c5 30. dxc5 Rac6 31. e5 Nxe5 32. Rc2 R6c7 33. c6 Nd3 34. Be4 Ne5 35. Bb6 Rxc6 36. Bxc6 Rxc6 37. Rxc6 Nxc6 38. Kf1 Kf8 39. Rc1 Ne7 40. Bc5 Ke8 41. Bxb4 axb4 42. Rc7 Nd5 43. Rb7 g5 44. Ke2 h5 45. Kd3 1-0

[Event "Lonigo CIS 54th Serie A1 Girone 2"]
[Site "Lonigo"]
[Date "2023.05.20"]
[Round "2.2"]
[White "Gallana, Marco"]
[Black "Gonella, Daniele"]
[Result "1-0"]
[WhiteElo "2290"]
[BlackElo "2141"]
[PlyCount "33"]
[EventDate "2023.05.19"]
[EventType "team-tourn"]
[EventRounds "5"]
[EventCountry "ITA"]
[SourceTitle "EXT 2024"]
[Source "ChessBase"]
[SourceDate "2023.10.10"]
[SourceVersion "1"]
[SourceVersionDate "2023.10.10"]
[SourceQuality "1"]
[WhiteTeam "Venice Canal Azimuth"]
[BlackTeam "Mariano Comense"]
[WhiteTeamCountry "ITA"]
[BlackTeamCountry "ITA"]

1. Nf3 Nf6 2. c4 g6 3. Nc3 d5 4. d4 Bg7 5. cxd5 Nxd5 6. e4 Nxc3 7. bxc3 c5 8. Bb5+ Bd7 9. Be2 Nc6 10. Rb1 Qa5 11. 0-0 Qxa2 12. Rxb7 Rd8 13. Rb2 Qa5 14. Rb5 Qxc3 15. Bb2 Nxd4 16. Bxc3 Nxf3+ 17. gxf3 1-0

[Event "Crema op 22nd"]
[Site "Crema"]
[Date "2022.09.09"]
[Round "1"]
[White "Tagliaferri, Valerio"]
[Black "Gonella, Daniele"]
[Result "1/2-1/2"]
[WhiteElo "1702"]
[BlackElo "2113"]
[PlyCount "67"]
[EventDate "2022.09.09"]
[EventType "swiss"]
[EventRounds "6"]
[EventCountry "ITA"]
[SourceTitle "CBM 210 Extra"]
[Source "ChessBase"]
[SourceDate "2022.11.30"]
[SourceVersion "1"]
[SourceVersionDate "2022.11.30"]
[SourceQuality "1"]

1. d4 Nf6 2. c4 g6 3. Nc3 d5 4. cxd5 Nxd5 5. e4 Nxc3 6. bxc3 Bg7 7. Bc4 c5 8. Ne2 Nc6 9. Be3 0-0 10. 0-0 Qc7 11. Rc1 b6 12. Qd2 Rd8 13. Rfd1 Bb7 14. Bf4 Qc8 15. Bg5 Ne5 16. Bb3 Qg4 17. Ng3 cxd4 18. cxd4 Nc6 19. d5 h6 20. Bxh6 Bxh6 21. Qxh6 Na5 22. f3 Qd7 23. Qf4 Nxb3 24. Rc7 Qe8 25. axb3 Rd7 26. Rdc1 Rad8 27. h4 Rxc7 28. Rxc7 Rd7 29. h5 Qb8 30. hxg6 fxg6 31. Qg5 Rxc7 32. Qxg6+ Kf8 33. Qh6+ Kf7 34. Qe6+ 1/2-1/2

[Event "Villa Guardia D Oro Cup 32nd"]
[Site "Villa Guardia"]
[Date "2014.10.26"]
[Round "1"]
[White "Ghezzi, Carlo"]
[Black "Gonella, Daniele"]
[Result "0-1"]
[WhiteElo "1649"]
[BlackElo "2150"]
[PlyCount "78"]
[EventDate "2014.10.26"]
[EventType "swiss"]
[EventRounds "6"]
[EventCountry "ITA"]
[SourceTitle "EXT 2016"]
[Source "ChessBase"]
[SourceDate "2015.10.08"]
[SourceVersion "1"]
[SourceVersionDate "2015.10.08"]
[SourceQuality "1"]

1. e4 c5 2. Nf3 e6 3. c3 d5 4. exd5 Qxd5 5. Bb5+ Bd7 6. Bxd7+ Qxd7 7. 0-0 Nc6 8. d4 cxd4 9. Nxd4 Nxd4 10. cxd4 Rd8 11. Be3 Nf6 12. Nc3 Bd6 13. h3 0-0 14. Qf3 Bb8 15. Rad1 Nd5 16. Qg4 Qc7 17. g3 Nxe3 18. fxe3 Qxg3+ 19. Qxg3 Bxg3 20. Rf3 Bc7 21. Kf2 g6 22. Ne4 Kg7 23. Nf6 h5 24. Rg1 Kh6 25. Rc1 Bb6 26. Ne4 f5 27. Nc5 f4 28. Rxf4 Rxf4+ 29. exf4 Rxd4 30. Kf3 Bxc5 31. Rxc5 Rd2 32. Rb5 b6 33. Rb3 Kg7 34. Ke3 Rh2 35. Kd4 Kf6 36. Ke4 Rd2 37. Ke3 Rc2 38. Kd3 Rg2 39. Ke4 h4 0-1

[Event "Milan Palladino Memorial-A 6th"]
[Site "Milan"]
[Date "2014.04.21"]
[Round "6"]
[White "Stella, Andrea"]
[Black "Gonella, Daniele"]
[Result "1/2-1/2"]
[WhiteElo "2433"]
[BlackElo "2143"]
[PlyCount "112"]
[EventDate "2014.04.17"]
[EventType "swiss"]
[EventRounds "7"]
[EventCountry "ITA"]
[SourceTitle "EXT 2015"]
[Source "ChessBase"]
[SourceDate "2014.11.20"]
[SourceVersion "1"]
[SourceVersionDate "2014.11.20"]
[SourceQuality "1"]

1. Nf3 Nf6 2. c4 g6 3. g3 Bg7 4. Bg2 0-0 5. 0-0 d5 6. cxd5 Nxd5 7. d4 Nc6 8. Nc3 Nb6 9. d5 Ne5 10. Nxe5 Bxe5 11. Qc2 Bd7 12. Bh6 Re8 13. Rac1 Qc8 14. Rfd1 e6 15. dxe6 Bxe6 16. Nb5 Bc4 17. Nc3 c6 18. b3 Be6 19. e4 Rd8 20. Bg5 Rxd1+ 21. Rxd1 Qf8 22. Ne2 Bg7 23. Be3 Nd7 24. Nf4 Qe7 25. Nxe6 Qxe6 26. Qd2 Nf6 27. Qa5 h5 28. Qc7 Qc8 29. Qe7 b6 30. Bg5 Nh7 31. Bf4 Bf8 32. Qd7 Qxd7 33. Rxd7 Nf6 34. Rc7 Bc5 35. h3 Rd8 36. Bf3 Re8 37. e5 Nd5 38. Bxd5 cxd5 39. Rxa7 g5 40. Bxg5 Rxe5 41. Bh4 Re2 42. g4 hxg4 43. hxg4 Re4 44. Kg2 Rxg4+ 45. Bg3 Rd4 46. a3 Rd2 47. b4 Bd4 48. a4 Kg7 49. a5 bxa5 50. Rxa5 Bc3 51. Rb5 Rb2 52. Rxd5 Rxb4 53. Rc5 Bd4 54. Rg5+ Kf6 55. Rg8 Be5 56. Ra8 Bxg3 1/2-1/2

[Event "Milan Palladino Memorial-A 6th"]
[Site "Milan"]
[Date "2014.04.19"]
[Round "4"]
[White "Nicolo, Filippo"]
[Black "Gonella, Daniele"]
[Result "0-1"]
[WhiteElo "2076"]
[BlackElo "2143"]
[PlyCount "92"]
[EventDate "2014.04.17"]
[EventType "swiss"]
[EventRounds "7"]
[EventCountry "ITA"]
[SourceTitle "EXT 2015"]
[Source "ChessBase"]
[SourceDate "2014.11.20"]
[SourceVersion "1"]
[SourceVersionDate "2014.11.20"]
[SourceQuality "1"]

1. e4 c5 2. Nc3 Nc6 3. Bb5 e6 4. Bxc6 bxc6 5. d3 d5 6. Nf3 Nf6 7. 0-0 Be7 8. b3 0-0 9. Bb2 Rb8 10. Rb1 Ba6 11. Qe2 Qc7 12. Nd2 Bd6 13. h3 Rfd8 14. Na4 Nd7 15. c4 Bf4 16. Nf3 d4 17. Rbe1 e5 18. g3 Bh6 19. Nh2 Bb5 20. h4 Bxa4 21. bxa4 g6 22. Ng4 Bg7 23. Bc1 Nf8 24. f4 h5 25. Nxe5 Bxe5 26. fxe5 Ne6 27. Qf3 Rd7 28. g4 hxg4 29. Qxg4 Qxe5 30. Re2 Rb1 31. Rg2 Rd6 32. h5 Ng7 33. Bf4 Rxf1+ 34. Kxf1 Rf6 35. Rf2 Qxh5 36. Qxh5 gxh5 37. a5 Ne6 38. Bd6 Rxf2+ 39. Kxf2 a6 40. Kg3 Kh7 41. Kh4 Kg6 42. Bg3 f5 43. exf5+ Kxf5 44. Bd6 Nf4 45. Bxc5 Ke5 46. Bf8 Ng6+ 0-1

[Event "Villa Guardia D Oro Cup 31st"]
[Site "Villa Guardia"]
[Date "2013.11.02"]
[Round "3"]
[White "Gonella, Daniele"]
[Black "Poletto, Daniele"]
[Result "1-0"]
[WhiteElo "2142"]
[BlackElo "1745"]
[PlyCount "97"]
[EventDate "2013.11.01"]
[EventType "swiss"]
[EventRounds "6"]
[EventCountry "ITA"]
[SourceTitle "EXT 2015"]
[Source "ChessBase"]
[SourceDate "2014.11.20"]
[SourceVersion "1"]
[SourceVersionDate "2014.11.20"]
[SourceQuality "1"]

1. e4 c5 2. Nc3 Nc6 3. g3 g6 4. Bg2 Bg7 5. f4 d6 6. d3 e6 7. Nf3 Nge7 8. Be3 Nd4 9. 0-0 0-0 10. Rb1 Rb8 11. Ne2 Nec6 12. c3 Nxe2+ 13. Qxe2 b6 14. Rbd1 d5 15. d4 cxd4 16. Nxd4 Nxd4 17. Bxd4 Bb7 18. Bxg7 Kxg7 19. exd5 exd5 20. Bxd5 Qe8 21. Qf3 Bxd5 22. Rxd5 Rd8 23. Re5 Qd7 24. f5 h6 25. Re7 Qxf5 26. Qxf5 gxf5 27. Rxa7 Rd2 28. Rf2 Rfd8 29. b3 Rxf2 30. Kxf2 Rd2+ 31. Kg1 h5 32. Ra6 f6 33. a4 Rd3 34. Rxb6 Rxc3 35. a5 Rc1+ 36. Kg2 Ra1 37. a6 Kg6 38. h4 Ra2+ 39. Kf1 f4 40. gxf4 Kf5 41. b4 Kxf4 42. Rxf6+ Kg4 43. b5 Kxh4 44. Rg6 Kh3 45. Rg7 h4 46. a7 Kh2 47. b6 h3 48. b7 Rxa7 49. b8Q+ 1-0

[Event "Milan SSM op"]
[Site "Milan"]
[Date "2013.07.05"]
[Round "2"]
[White "Tarelli, Daniele"]
[Black "Gonella, Daniele"]
[Result "1-0"]
[WhiteElo "1943"]
[BlackElo "2162"]
[PlyCount "69"]
[EventDate "2013.07.04"]
[EventType "swiss"]
[EventRounds "5"]
[EventCountry "ITA"]
[SourceTitle "EXT 2015"]
[Source "ChessBase"]
[SourceDate "2014.11.20"]
[SourceVersion "1"]
[SourceVersionDate "2014.11.20"]
[SourceQuality "1"]

1. e4 c5 2. Nf3 e6 3. g3 d5 4. exd5 exd5 5. Qe2+ Qe7 6. Nc3 Nf6 7. Nb5 Be6 8. Ng5 a6 9. Nxe6 fxe6 10. Na3 Nc6 11. c3 g6 12. Bh3 e5 13. 0-0 Bg7 14. d3 0-0 15. Bg5 Rae8 16. Rae1 h6 17. Bxf6 Rxf6 18. Nc2 d4 19. c4 b5 20. b3 bxc4 21. bxc4 Rb8 22. Rb1 Rff8 23. Bg2 Qf6 24. Na1 Rxb1 25. Rxb1 Nb4 26. a3 Nc6 27. Rb6 Rb8 28. Qb2 Rxb6 29. Qxb6 Qg5 30. Bd5+ Kh7 31. Qxc6 Qc1+ 32. Kg2 Qxa1 33. Be4 Kg8 34. Qe8+ Bf8 35. Bd5+ 1-0

[Event "Como Province-ch"]
[Site "Villa Guardia"]
[Date "2013.01.26"]
[Round "5"]
[White "Rossini, Fulvio"]
[Black "Gonella, Daniele"]
[Result "0-1"]
[WhiteElo "1718"]
[BlackElo "2141"]
[PlyCount "80"]
[EventDate "2013.01.19"]
[EventType "swiss"]
[EventRounds "6"]
[EventCountry "ITA"]
[SourceTitle "EXT 2014"]
[Source "ChessBase"]
[SourceDate "2013.11.20"]
[SourceVersion "1"]
[SourceVersionDate "2013.11.20"]
[SourceQuality "1"]

1. e4 c5 2. Nc3 Nc6 3. f4 e6 4. Nf3 g6 5. d3 Bg7 6. g3 Nge7 7. Bg2 0-0 8. 0-0 d6 9. Be3 b6 10. e5 d5 11. d4 Nf5 12. Bf2 Ba6 13. Re1 cxd4 14. Nxd4 Ncxd4 15. Bxd4 Rc8 16. Ne2 Qc7 17. c3 Rfd8 18. g4 Ne7 19. Ng3 Nc6 20. Bf1 Bxf1 21. Rxf1 Bf8 22. Kg2 b5 23. a3 a5 24. Ne2 Rd7 25. Qd3 b4 26. axb4 axb4 27. Rfc1 Qb7 28. f5 Bh6 29. Rf1 Qb8 30. fxe6 fxe6 31. g5 Bg7 32. Qh3 Re8 33. Ra6 Qb5 34. Rb6 Qxe2+ 35. Kg1 Nxd4 36. cxd4 Rf7 37. Rxf7 Kxf7 38. Qxh7 Qe3+ 39. Kg2 Qxg5+ 40. Kf2 Rf8 0-1

[Event "Como Province-ch"]
[Site "Villa Guardia"]
[Date "2013.01.20"]
[Round "3"]
[White "Coppola, Guido"]
[Black "Gonella, Daniele"]
[Result "0-1"]
[WhiteElo "1992"]
[BlackElo "2141"]
[PlyCount "54"]
[EventDate "2013.01.19"]
[EventType "swiss"]
[EventRounds "6"]
[EventCountry "ITA"]
[SourceTitle "EXT 2014"]
[Source "ChessBase"]
[SourceDate "2013.11.20"]
[SourceVersion "1"]
[SourceVersionDate "2013.11.20"]
[SourceQuality "1"]

1. e4 c5 2. Nf3 e6 3. d3 Nc6 4. g3 d5 5. Nbd2 Be7 6. Bg2 Nf6 7. 0-0 0-0 8. Re1 Qc7 9. Nf1 b6 10. h4 Bb7 11. e5 Nd7 12. Bf4 Rae8 13. N1h2 Qc8 14. h5 f6 15. Ng4 fxe5 16. Ngxe5 Bf6 17. Nxd7 Qxd7 18. Ne5 Bxe5 19. Bxe5 Rf5 20. Bf4 Qf7 21. Bh3 Rf6 22. c3 e5 23. Qe2 h6 24. Bd2 e4 25. f4 Ba6 26. g4 Bxd3 27. Qe3 d4 0-1

[Event "Villa Guardia D Oro Cup 30th"]
[Site "Villa Guardia"]
[Date "2012.11.01"]
[Round "2"]
[White "Falchi, Claudio"]
[Black "Gonella, Daniele"]
[Result "1-0"]
[WhiteElo "1859"]
[BlackElo "2148"]
[PlyCount "119"]
[EventDate "2012.11.01"]
[EventType "swiss"]
[EventRounds "6"]
[EventCountry "ITA"]
[SourceTitle "EXT 2014"]
[Source "ChessBase"]
[SourceDate "2013.11.20"]
[SourceVersion "1"]
[SourceVersionDate "2013.11.20"]
[SourceQuality "1"]

1. e4 c5 2. Nc3 Nc6 3. g3 g6 4. Bg2 Bg7 5. d3 d6 6. f4 e6 7. Nf3 Nge7 8. 0-0 0-0 9. Be3 b6 10. d4 cxd4 11. Nxd4 Ba6 12. Re1 Rc8 13. Qd2 Na5 14. b3 Qc7 15. Ncb5 Bxb5 16. Nxb5 Qxc2 17. Rac1 Qxd2 18. Bxd2 Nb7 19. Bb4 Rxc1 20. Rxc1 Rc8 21. Rd1 Nc6 22. Ba3 a6 23. Nxd6 Nxd6 24. Bxd6 Rd8 25. e5 Nxe5 26. fxe5 Bxe5 27. Bxe5 Rxd1+ 28. Bf1 Kf8 29. a4 Ke7 30. Kf2 a5 31. Bc7 Rd2+ 32. Kg1 Rb2 33. Bc4 b5 34. axb5 Ra2 35. b6 Kd7 36. Bb5+ Kc8 37. Ba6+ Kd7 38. Bb5+ Kc8 39. Ba6+ Kd7 40. Be5 Ra3 41. b7 Rxb3 42. b8Q Rxb8 43. Bxb8 f6 44. Kf2 Kc6 45. Ba7 e5 46. Ke3 f5 47. Bc4 h6 48. Bf7 g5 49. Bb8 f4+ 50. gxf4 exf4+ 51. Kf3 a4 52. Be5 a3 53. Bg7 Kd6 54. Bxh6 Ke7 55. Ba2 Kf6 56. Kg4 Kg6 57. Bxg5 f3 58. Be3 Kf6 59. Kxf3 Kf5 60. Bb1+ 1-0

[Event "Villa Guardia D Oro Cup 30th"]
[Site "Villa Guardia"]
[Date "2012.11.01"]
[Round "1"]
[White "Gonella, Daniele"]
[Black "Squillante, Michele"]
[Result "1-0"]
[WhiteElo "2148"]
[BlackElo "1733"]
[PlyCount "53"]
[EventDate "2012.11.01"]
[EventType "swiss"]
[EventRounds "6"]
[EventCountry "ITA"]
[SourceTitle "EXT 2014"]
[Source "ChessBase"]
[SourceDate "2013.11.20"]
[SourceVersion "1"]
[SourceVersionDate "2013.11.20"]
[SourceQuality "1"]

1. e4 c6 2. d4 d5 3. exd5 cxd5 4. c4 Nf6 5. Nc3 e6 6. Nf3 Be7 7. Be2 0-0 8. 0-0 Nc6 9. Re1 a6 10. a3 Re8 11. Be3 dxc4 12. Bxc4 Nd5 13. Qd3 Nxe3 14. Rxe3 Bf6 15. Rd1 b5 16. Ba2 Ne7 17. Bb1 g6 18. Qe4 Ra7 19. Qf4 Kg7 20. Ne5 Bb7 21. Rh3 Ng8 22. Rdd3 Qc7 23. Nxg6 e5 24. dxe5 Bxe5 25. Nxe5 Rxe5 26. Qd4 Ra8 27. f4 1-0

[Event "Bratto op-B 32nd"]
[Site "Bratto"]
[Date "2012.08.22"]
[Round "5"]
[White "Rambaldi, Francesco"]
[Black "Gonella, Daniele"]
[Result "1-0"]
[WhiteElo "2272"]
[BlackElo "2157"]
[PlyCount "55"]
[EventDate "2012.08.18"]
[EventType "swiss"]
[EventRounds "9"]
[EventCountry "ITA"]
[SourceTitle "EXT 2014"]
[Source "ChessBase"]
[SourceDate "2013.11.20"]
[SourceVersion "1"]
[SourceVersionDate "2013.11.20"]
[SourceQuality "1"]

1. c4 Nf6 2. Nc3 g6 3. e4 e5 4. Nf3 d6 5. d4 exd4 6. Nxd4 Bg7 7. Be2 Nc6 8. Nxc6 bxc6 9. 0-0 0-0 10. Bg5 Re8 11. Qd2 Qe7 12. f3 Bb7 13. Rfe1 Qe6 14. Bf1 Nd7 15. Rad1 Nf8 16. Be3 c5 17. Nd5 Qc8 18. g3 Qb8 19. Rb1 a5 20. Bg5 Bxd5 21. cxd5 Qb4 22. Qc2 Rab8 23. Bc4 Bxb2 24. Bf6 Qxe1+ 25. Rxe1 Bxf6 26. Rb1 Bd4+ 27. Kg2 Nd7 28. Bb5 1-0

[Event "Bratto op 32nd"]
[Site "Bratto"]
[Date "2012.08.18"]
[Round "1"]
[White "Gonella, Daniele"]
[Black "Collutiis, Duilio"]
[Result "0-1"]
[WhiteElo "2157"]
[BlackElo "2511"]
[PlyCount "84"]
[EventDate "2012.08.18"]
[EventType "swiss"]
[EventRounds "9"]
[EventCountry "ITA"]
[SourceTitle "CBM 150 Extra"]
[Source "ChessBase"]
[SourceDate "2012.10.19"]
[SourceVersion "1"]
[SourceVersionDate "2012.10.19"]
[SourceQuality "1"]

1. e4 c5 2. Nc3 Nc6 3. g3 g6 4. Bg2 Bg7 5. d3 d6 6. f4 e6 7. Nf3 Nge7 8. 0-0 0-0 9. Be3 b6 10. Rf2 d5 11. exd5 exd5 12. Bd2 Rb8 13. Rb1 d4 14. Ne2 Nd5 15. a3 a5 16. Qe1 Re8 17. h3 Rb7 18. b4 axb4 19. axb4 cxb4 20. Bxb4 Ndxb4 21. Rxb4 Nxb4 22. Qxb4 Rd7 23. Nd2 Rde7 24. Ne4 Bb7 25. f5 Bxe4 26. Bxe4 Rxe4 27. dxe4 Rxe4 28. fxg6 hxg6 29. Qc4 Qe8 30. Nf4 d3 31. Qxd3 Bd4 32. Nd5 Bxf2+ 33. Kxf2 Re6 34. c4 Qd8 35. Qd4 Qd6 36. Kf3 b5 37. c5 Qe5 38. Qd3 Rc6 39. Qe4 Qxe4+ 40. Kxe4 Rxc5 41. h4 b4 42. Kd4 Rxd5+ 0-1

[Event "ITA-ch U20 20th"]
[Site "Acqui Terme"]
[Date "2012.07.29"]
[Round "8"]
[White "Davi, Alessandro"]
[Black "Gonella, Daniele"]
[Result "1/2-1/2"]
[WhiteElo "2102"]
[BlackElo "2121"]
[PlyCount "102"]
[EventDate "2012.07.23"]
[EventType "swiss"]
[EventRounds "9"]
[EventCountry "ITA"]
[SourceTitle "EXT 2014"]
[Source "ChessBase"]
[SourceDate "2013.11.20"]
[SourceVersion "1"]
[SourceVersionDate "2013.11.20"]
[SourceQuality "1"]

1. d4 d5 2. Nf3 Nf6 3. g3 g6 4. Bg2 Bg7 5. Nbd2 0-0 6. 0-0 Nc6 7. e3 Re8 8. Ne5 Nxe5 9. dxe5 Ng4 10. Nf3 c6 11. b4 Nxe5 12. Nxe5 Bxe5 13. Rb1 a6 14. a4 Be6 15. Bb2 Bxb2 16. Rxb2 Qd6 17. h4 Qe5 18. Qd4 Qxd4 19. exd4 Bf5 20. Re1 f6 21. f4 e6 22. Bf3 h5 23. Re3 Kf7 24. c3 Ke7 25. c4 dxc4 26. d5 c3 27. d6+ Kxd6 28. Rxc3 e5 29. Rd2+ Kc7 30. b5 axb5 31. axb5 exf4 32. bxc6 Ra1+ 33. Kg2 b5 34. gxf4 Rea8 35. Re3 R1a2 36. Re7+ Kb6 37. Rb7+ Kc5 38. Rf2 Rxf2+ 39. Kxf2 Ra2+ 40. Ke1 Ra3 41. Ke2 Rc3 42. Rb8 Kd6 43. Rxb5 Bd3+ 44. Kd2 Bxb5 45. Kxc3 Bxc6 46. Bd1 Kd5 47. Kd3 Bb5+ 48. Ke3 Kc4 49. Be2+ Kb4 50. Bxb5 Kxb5 51. f5 gxf5 1/2-1/2

[Event "Milan Palladino Memorial"]
[Site "Milan"]
[Date "2012.04.08"]
[Round "4"]
[White "Vallone, Ugo"]
[Black "Gonella, Daniele"]
[Result "0-1"]
[WhiteElo "1934"]
[BlackElo "2112"]
[PlyCount "44"]
[EventDate "2012.04.05"]
[EventType "swiss"]
[EventRounds "6"]
[EventCountry "ITA"]
[SourceTitle "EXT 2013"]
[Source "ChessBase"]
[SourceDate "2012.11.22"]
[SourceVersion "1"]
[SourceVersionDate "2012.11.22"]
[SourceQuality "1"]

1. d4 Nf6 2. f3 d5 3. c4 g6 4. cxd5 Nxd5 5. e4 Nb6 6. Nc3 Bg7 7. Be3 0-0 8. Qd2 Nc6 9. Rd1 e5 10. d5 Nd4 11. Bxd4 exd4 12. Nb5 f5 13. Nxd4 fxe4 14. fxe4 Qh4+ 15. g3 Qxe4+ 16. Qe2 Qxh1 17. Ngf3 Bg4 18. Kf2 Bxd4+ 19. Rxd4 Rxf3+ 20. Ke1 Rxf1+ 21. Qxf1 Re8+ 22. Kf2 Qxh2+ 0-1